Central Library OPAC University of Rajshahi

Religio medici and other works / (Record no. 18192)

MARC details
000 -LEADER
fixed length control field 00689nam a2200229 a 4500
001 - CONTROL NUMBER
control field 18192
003 - CONTROL NUMBER IDENTIFIER
rucl marc code BD-RjUL
005 - DATE AND TIME OF LATEST TRANSACTION
control field 20211209000241.0
008 - FIXED-LENGTH DATA ELEMENTS--GENERAL INFORMATION
fixed length control field 140219s1964 enk 000 0 eng d
035 ## - SYSTEM CONTROL NUMBER
System control number (BD-RjUL)18250
040 ## - CATALOGING SOURCE
Original cataloging agency XNLS
Language of cataloging eng
Transcribing agency XNLS
Modifying agency DBM:A
-- BD-RjUL
041 ## - LANGUAGE CODE
Language code of text/sound track or separate title eng
082 04 - DEWEY DECIMAL CLASSIFICATION NUMBER
Classification number 828.4
Author mark and year BRR 1964
100 1# - MAIN ENTRY--PERSONAL NAME
Personal name Browne, Thomas,
Dates associated with a name 1605-1682.
9 (RLIN) 55263
245 10 - TITLE STATEMENT
Title Religio medici and other works /
Statement of responsibility, etc. Thomas Browne. ed. by L.C.Martin.
260 ## - PUBLICATION, DISTRIBUTION, ETC. (IMPRINT)
Place of publication, distribution, etc. Oxford :
Name of publisher, distributor, etc. Clarendon,,
Date of publication, distribution, etc. 1964.
300 ## - PHYSICAL DESCRIPTION
Pagination xxvii, 383 p. ;
Size 22 cm.
504 ## - BIBLIOGRAPHY, ETC. NOTE
Bibliography, etc Includes index.
610 20 - SUBJECT ADDED ENTRY--CORPORATE NAME
Corporate name or jurisdiction name as entry element Catholic Church
700 1# - ADDED ENTRY--PERSONAL NAME
Personal name Martin, L. C.
Fuller form of name (Leonard Cyril),
Dates associated with a name 1886-
942 ## - ADDED ENTRY ELEMENTS (KOHA)
Source of classification or shelving scheme Dewey Decimal Classification
Koha item type Books
Holdings
Lost status Source of classification or shelving scheme Damaged status Not for loan Collection code Permanent Location Current Location Shelving location Date acquired Source of acquisition Cost, normal purchase price Total Checkouts Full call number Date last seen Copy number Koha item type
  Dewey Decimal Classification     Non-fiction Central Library, University of Rajshahi Central Library, University of Rajshahi   03/07/1968 Swets + Zetlinger 63.00   828.4 BRR 1964 19/02/2014 C-2 Books